| 000 | 00895nam a22002897a 4500 | ||
|---|---|---|---|
| 001 | 200461038 | ||
| 003 | TR-AnTOB | ||
| 005 | 20240612153305.0 | ||
| 008 | 240612b tu ||||| |||| 00| 0 tur d | ||
| 020 | _a9786257343237 | ||
| 040 |
_aTR-AnTOB _beng _erda _cTR-AnTOB |
||
| 041 | _atur | ||
| 092 |
_a581 _bBİT 2022 |
||
| 100 |
_qAkoğlu, Alp _eAuthor. |
||
| 245 |
_aBitkilerin yaşam döngüsü / _cAlp Akoğlu, Işın Nur Cicerali Gürer, Zuhal Özer, Bilge Nur Pembegül ; resimleyen Nazlı Tunalı. |
||
| 250 | _a2. bs. | ||
| 260 |
_aAnkara : _b Elma Yayınevi, _c2022. |
||
| 300 |
_a32 Pages. : _bill. ; _c26 cm. |
||
| 336 |
_atext _btxt _2rdacontent |
||
| 337 |
_aunmediated _bn _2rdamedia |
||
| 338 |
_avolume _bnc _2rdacarrier |
||
| 500 | _aDizin var. | ||
| 700 |
_qTunalı, Nazlı _eillustrator. |
||
| 942 |
_2ddc _cBK |
||
| 999 |
_c200461038 _d79250 |
||